000 00850nam a2200193 a 4500
001 001069823
003 AM-YeHGA
005 20250617151224.0
008 150401s1980 ru r 000 0 rus d
040 _aAM-YeHGA
041 0 _arus
100 1 _aБалалыкина, Эмилия Агафоновна
245 1 0 _aСловообразовательная структура прилагательных в славянских и балтийских языках :
_b(Именные образования с и.е. формантами - no-, -to-, -mo, -lo) /
_cЭ.А. Балалыкина.
260 _aКазань :
_bИзд-во Казан. ун-та,
_c1980.
300 _a144 с.
504 _aБиблиогр. в примеч.: с. 129-141
650 1 4 _aСлавянские и балтийские языки
090 _c348900
999 _c347098
_d347098